00926cam a22001695i 450000100040000000500170000400800410002102000180006204000230008010000170010324500410012030000130016150500060017452005400018052100180072052100180073864720230628090043.0141229s2015 ctu 000 0 eng  a9780985481094 aDLCbengerdacDLC1 aGreci, Paul.10aSurviving bear Island /cPaul Greci. apages cm aM aThis thrilling adventure begins after a sea kayaking trip takes a dangerous turn and Tom Parker is stranded on the remote, outer coast of the unpopulated Bear Island in the rough terrains of the Alaskan wilderness. With only a small survival kit in his pocket, Tom finds himself soaked and freezing, and worst of all--alone. Desperate to find his father, Tom doesn't know how long he can survive and he must put his skills to the test as he fights to reach safety. Will Tom make it through a wilderness full of bears and other dangers? a780 bLexile aM bRaz-Plus